00000000nam##2200000za#4500
0019.534478
003CaOODSP
00520200327075201
007ta
008150406|2001||||xxc|||||     f|0| 0 eng|d
020 |a0-660-61520-7
040 |aCaOODSP|beng
041 |aeng
041 |afre
043 |an-cn---
0861 |aBT31-2/2002-III-98
1101 |aCanada. |bTreasury Board.
24510|aCanadian Heritage
260 |aOttawa - Ontario : |bTreasury Board of Canada Secretariat |c2001.
300 |aEnglish text, 60p. : |borganization chart, tables ; |c28 cm.
4901 |a2001-2002 estimates, part III: report on plans and priorities
546 |aBilingual
563 |aSoftcover
590 |a01-14|b2001-04-06
69007|aEstimates|2gcpds
7760#|tCanadian Heritage, 2001-2002 estimates, part III - report on plans and priorities |w(CaOODSP)9.568754
7760#|tPatrimoine canadien, budget des dépenses 2001-2002, partie III - rapport sur les plans et les priorités |w(CaOODSP)9.600021
792 |tPatrimoine Canadien |efre|w(CaOODSP)9.534479
830#0|a2001-2002 estimates, part III: report on plans and priorities.|w(CaOODSP)9.508966